Which Flags Contain Red? - Sudden Death - Statistics

General Stats
  • This quiz has been taken 59 times
  • The average score is 11 of 18
Answers on the Grid
Answers color-coded by a green-red scale on the quiz's grid according to % correct below.
 
Answer Stats
Answer % Correct
77%
75%
75%
73%
70%
68%
68%
66%
64%
64%
61%
59%
59%
55%
55%
50%
45%
41%
No matching quizzes found
Score Distribution
Percent of People with Each Score
Percentile by Number Answered
Your Score History
You have not taken this quiz